|
|
|
|
| LEADER |
00000cas a2200000 a 4500 |
| 001 |
vtls001221981 |
| 003 |
SK-MaSNL |
| 005 |
20260228162016.0 |
| 008 |
180129d19441949xo ar 0 0b0slo |
| 035 |
|
|
|a SNK000167357
|
| 040 |
|
|
|a SNK
|b slo
|c SNK
|e AACR2
|
| 041 |
0 |
|
|a slo
|
| 044 |
|
|
|a xo
|c SK
|
| 072 |
|
7 |
|a 271/279
|x Kresťanské cirkvi, sekty, denominácie
|2 konspekt
|
| 072 |
|
7 |
|a 050
|x Seriálové publikácie. Periodiká
|2 konspekt
|
| 080 |
|
|
|a 274/278-722.7
|2 2011
|
| 080 |
|
|
|a 050
|2 2011
|
| 080 |
|
|
|a (059)
|2 2011
|
| 245 |
0 |
0 |
|a Náš radca
|b evanjelický kalendár na rok Pánov ...
|
| 260 |
|
|
|a Banská Bystarica
|b Naša cirkev
|c [1944]-1949
|
| 260 |
3 |
|
|3 1949
|a Ružomberok
|b Kníhtlačiareň Štecko a Trepáč
|
| 300 |
|
|
|a 5 zv.
|c 23 cm
|
| 310 |
|
|
|a 1x ročne
|
| 362 |
0 |
|
|a [1] (1945)-[5] (1949)
|z Bg. slov. a inoreč. kalendárov/MS 1984
|
| 500 |
|
|
|a Súčasťou názvových údajov je označenie roku
|
| 610 |
2 |
7 |
|a Evanjelická cirkev a.v.
|2 SNKKA
|9 32425
|
| 655 |
|
7 |
|a textové kalendáre
|2 SNKPH
|9 60816
|
| 910 |
|
|
|a snk
|
| 999 |
|
|
|c 6417
|d 8347
|
| 952 |
|
|
|0 0
|1 0
|4 0
|7 0
|8 1
|a SNK
|b SNK
|d 1996-10-03
|i snkD 928/96
|l 0
|o snkČSC 630/1946
|p 17A0013168
|r 2005-01-01 00:00:00
|w 2026-02-21
|y PREZ
|
| 952 |
|
|
|0 0
|1 0
|4 0
|7 0
|8 3
|a SNK
|b SNK
|d 2001-12-10
|i snkK 1499/2001
|l 0
|o snkČSC 630/1946 D1
|p 17A0325044
|r 2005-01-01 00:00:00
|w 2026-02-21
|y PREZ
|